000 00894nam a2200217Ia 4500
003 Ost
005 20260507075642.0
008 260507s9999||||xx |||||||||||||| ||und||
040 _cfsecg
041 _aara
082 _a338.9
100 _aبارو، روبرت ج
_eمؤلف
245 0 _aمحددات النمو الإقتصادي :
_bدراسة تجريبية عبر البلدان /
_c روبرت ج بارو
260 _aعمان:
_bدار الكتاب الحديث,
_c1998
300 _a131 صفحة؛
_bإيضاحات ؛
_c24 سم
520 _aالنمو الإقتصادي والتقارب ، التفاعل بين التطور الإقتصادي والسياسي، التضخم والنمو
653 _aالتطور الاقتصادي
653 _aالتنمية الإقتصادية
700 _aالتل، نادر ادريس
_eمؤلف ثانوي
942 _cكتاب
999 _c45428
_d45428